| 000 | 01164cam a2200301 a 4500 | ||
|---|---|---|---|
| 001 | c 63002159 | ||
| 003 | DLC | ||
| 005 | 20260227111034.0 | ||
| 008 | 031103s1960 ch a b 001 0 chi | ||
| 010 | _ac 63002159 | ||
| 035 | _a(CStRLIN)DCLP03-B16405 | ||
| 040 |
_aDLC _cDLC-R _dDLC-R _dDLC |
||
| 050 | 0 | 0 |
_aS676 _b.C49 |
| 066 | _c$1 | ||
| 100 | 1 |
_6880-01 _aChen, Xiaozu. |
|
| 245 | 1 | 0 |
_6880-02 _aNong ji ju / _cChen Xiaozu bian zhu = Farm implement & machinery / by Hsiao-tzu Chen. |
| 246 | 3 | 1 | _aFarm implement & machinery |
| 246 | 3 | 1 | _aFarm implement and machinery |
| 250 | _a1st ed. | ||
| 260 |
_6880-03 _a[Taizhong] : _bDept. of Agricultural Education, Taiwan Provincial College of Agriculture, _c1960. |
||
| 300 |
_a5, 322 p. : _bill. ; _c22 cm. |
||
| 546 | _aIn Chinese. | ||
| 504 | _aIncludes bibliographical references (p. 320-322) and index. | ||
| 650 | 0 | _aAgricultural implements. | |
| 880 | 1 |
_6100-01/$1 _a陳孝祖. |
|
| 880 | 1 | 0 |
_6245-02/$1 _a農機具 / _c陳孝祖編著 = Farm implement & machinery / by Hsiao-tzu Chen. |
| 880 |
_6260-03/$1 _a[臺中] : _bDept. of Agricultural Education, Taiwan Provincial College of Agriculture, _c1960. |
||
| 999 |
_c12822 _d12822 |
||